[Event "Ambes op 2nd"]
[Site "Ambes"]
[Date "2009.04.13"]
[Round "3"]
[White "Castellani, Florent"]
[Black "Gallice, Francois"]
[Result "0-1"]
[WhiteElo "1726"]
[BlackElo "1856"]
[PlyCount "70"]
[EventDate "2009.04.11"]
[EventType "swiss"]
[EventRounds "9"]
[EventCountry "FRA"]
[SourceTitle "EXT 2012"]
[Source "ChessBase"]
[SourceDate "2011.11.24"]
[SourceVersion "1"]
[SourceVersionDate "2011.11.24"]
[SourceQuality "1"]

1. e4 c5 2. Nf3 d6 3. d4 cxd4 4. Nxd4 Nf6 5. Nc3 g6 6. f3 Bg7 7. Be3 Nbd7 8. Bc4 a6 9. Bb3 Nc5 10. Qd2 Nxb3 11. Nxb3 h5 12. 0-0-0 Be6 13. Kb1 Bxb3 14. axb3 b5 15. Rhe1 0-0 16. Bh6 Qb6 17. Bxg7 Kxg7 18. g4 hxg4 19. fxg4 Nxg4 20. Nd5 Qa7 21. Rg1 Ne5 22. Rg3 Rh8 23. Rh1 Rh6 24. h4 Rah8 25. Qg5 f6 26. Qf5 Kf7 27. Qf4 a5 28. Rc3 g5 29. Qf1 Ng6 30. Rc7 Qd4 31. Qxb5 Rxh4 32. Rf1 Rh1 33. c3 Rxf1+ 34. Qxf1 Qxe4+ 35. Ka2 Qxd5 0-1